Head start Secondary English 3 (Record no. 57955)
[ view plain ]
| 000 -LEADER | |
|---|---|
| fixed length control field | 00243 a2200097 4500 |
| 020 ## - INTERNATIONAL STANDARD BOOK NUMBER | |
| International Standard Book Number | 9780195742381 |
| 245 ## - TITLE STATEMENT | |
| Title | Head start Secondary English 3 |
| 250 ## - EDITION STATEMENT | |
| Edition statement | Rev. ed. |
| 260 ## - PUBLICATION, DISTRIBUTION, ETC. (IMPRINT) | |
| Name of publisher, distributor, etc | Oxford University Press East Africa Limited |
| Date of publication, distribution, etc | 2005 |
| 942 ## - ADDED ENTRY ELEMENTS (KOHA) | |
| Koha item type | Book |
No items available.